Регионална библиотека "Любен Каравелов" - Русе

Фламандски легенди | Братството на червендалестите | Бланш, Клер и Кандид | Господарят Хелевин | Сметсе Сме (Запис номер 169346)

MARC детайли
000 -Лидер
Контролно поле с фиксирана дължина 01628nam a2200397 c 4500
003 - Код на организацията, давaща контролен номер
Контролно поле BLK
005 - Дата и час на последна редакция
Контролно поле 20240920132050.0
008 - Елементи от данни с фиксирана дължина
fixed length control field 180411b bul|||||r ||||||| ||bul||
010 ## - Наследен системен номер
LC control number KNG00177350000
040 ## - Източник на каталожния запис
Идентификатор на билиотеката - собственик на записа BLK
041 ## - Код за език
Код за езика на текст/звукозапис или на отделно заглавие Български
Код за езика КДБФ Български
080 ## - УДК
Текстов определител УДК Белгийска литература
УДК код - определител по УДК 821.133.1(493)
УДК определител -34
УДК - код + определител 821.133.1(493)-34
100 1# - Редна дума - Автор
Автор Костер, Шарл дьо
Авторска отговорност първи автор
R(LIN) 267725
139 ## - Редно поле
Редна дума Костер, Шарл дьо
Авторски знак Кос - К 86
245 10 - Сведения за заглавието
Заглавие Фламандски легенди
Редно поле (дума) Шарл дьо Костер; прев. от фр. с послесл. Красимир Мирчев; худож. Питер Брьогел Стари.
245 10 - Сведения за заглавието
Заглавие Братството на червендалестите
245 10 - Сведения за заглавието
Заглавие Бланш, Клер и Кандид
245 10 - Сведения за заглавието
Заглавие Господарят Хелевин
245 10 - Сведения за заглавието
Заглавие Сметсе Сме
257 ## - Страна на издаване
Страна на създаване/издаване Франция
260 ## - Област на издателските данни
Място на издаване, разпространение и проч. София
Име на издателя, разпространителя и проч. Отечество
Година на издаване 1985
300 ## - Физическа характеристика
Страници 159 с.
Илюстрации и др. с ил., портр.
Размери/Мащаб 21 см
380 ## - Жанр
Жанр Худож. лит.
490 ## - СЕРИИ (Колекции)
Име на серия Фолклор и епос
9 (RLIN) 205003
500 ## - Общи забележки
Забележка Ориг. загл. Legendes flamandes / Charles de Coster
653 ## - Ключова дума – ненормативна
Ключова дума легенди
700 1# - Други автори (авторска отговорност)
Лично име Мирчев, Красимир
Автороска отговорност (Описва отношението между автора и произведението) прев. от фр. с послесл.
9 (RLIN) 366001
700 1# - Други автори (авторска отговорност)
Лично име Брьогел Стари, Питер
Автороска отговорност (Описва отношението между автора и произведението) худож.
9 (RLIN) 43567
852 ## - Местоположение
Форматна сигнатура Цб 139734
856 4# - Електронен адрес и достъп
Електронен формат pdf - файл
Инструкция (цена за достъп) 0.00
Права за достъп disable
856 4# - Електронен адрес и достъп
Електронен формат pdf - файл
Инструкция (цена за достъп) 0.00
Права за достъп disable
999 ## - СИСТЕМНИ КОНТРОЛНИ НОМЕРА
Koha biblionumber 169346
Koha biblioitemnumber 169346
942 ## - АРТИКУЛИ
Вид на библиотечния материал Книги
Скрит в OPAC Не
Периодичен библиозапис Да
Koha issues (borrowed), all copies 1
944 ## - СЪЗДАВАНЕ И РЕДАКЦИЯ на ЗАПИСА
Създаване/Редакция Създаване
Дата на регистрацията/редакция 15.01.2003
Служител, извършил регистрацията/редакцията 30551
Статус, дата на статуса Бояна Костадинова
944 ## - СЪЗДАВАНЕ И РЕДАКЦИЯ на ЗАПИСА
Създаване/Редакция Редакция
Дата на регистрацията/редакция 29.06.2015
Служител, извършил регистрацията/редакцията Теодора_Стоянова
999 ## - СИСТЕМНИ КОНТРОЛНИ НОМЕРА
Koha biblioitemnumber 169346
Наличности
Код за отписване Код за изгубен артикул Източник на класификационната схема Код за повреда Коз за рестрикции Код за отдаване Артикулен № Име на библиотеката - собственик Име на библиотеката, в която се намира в момента Статус (Текущо местоположение) Дата на вписване в системата Местоположение - отдел Цена в лева Инвентарен номер Систематично азбучна сигнатура Баркод Номер на екземпляра Цена в евро Служебна бележка Служебен тип на артикула Бележка за публиката
  Не е изгубен Universal Decimal Classification Не е повреден без рестрикции ползва се в читалня 286355 Регионална библиотека "Любен Каравелов" Русе Регионална библиотека "Любен Каравелов" Русе Хранилище 1985-01-01 Хранилище 0.85 442935 Цб 139734 120000442935 1 0.43 Дост: Dp Вид: Сф Дата: 01.01.1985 Книги  
Изтеглен Не е изгубен Universal Decimal Classification Не е повреден без рестрикции заемане за дома 286356 Регионална библиотека "Любен Каравелов" Русе Регионална библиотека "Любен Каравелов" Русе Заемна - подръчен фонд 1985-01-01 Заемна - подръчен фонд 0.85 442814 П 840/К 86 442814 2 0.43 Дост: Pk Вид: Сф Дата: 01.01.1985 Дата инв: 16.02.2018 Бележки инв: П2018 Книги  
Изтеглен Не е изгубен Universal Decimal Classification Не е повреден без рестрикции заемане за дома 286357 Регионална библиотека "Любен Каравелов" Русе Регионална библиотека "Любен Каравелов" Русе Заемна - подръчен фонд 1985-01-01 Заемна - подръчен фонд 0.85 442811 П 840/К 86 442811 3 0.43 Дост: Pk Вид: Сф Дата: 01.01.1985 Книги  
  Не е изгубен Universal Decimal Classification Не е повреден без рестрикции заемане за дома 286358 Регионална библиотека "Любен Каравелов" Русе Регионална библиотека "Любен Каравелов" Русе Заемна - подръчен фонд 1985-01-01 Заемна - подръчен фонд 0.85 442809 П 821/Д 96 120000442809 4 0.43 Дост: Pk Вид: Сф Дата: 01.01.1985 Дата инв: 12.02.2018 Бележки инв: П2018 Книги  
Изтеглен Не е изгубен Universal Decimal Classification Не е повреден без рестрикции заемане за дома 286359 Регионална библиотека "Любен Каравелов" Русе Регионална библиотека "Любен Каравелов" Русе Заемна - подръчен фонд 1985-01-01 Заемна - подръчен фонд 0.85 442808 П 840/К 86 442808 5 0.43 Дост: Pk Вид: Сф Дата: 01.01.1985 Книги  
Изтеглен Не е изгубен   Не е повреден без рестрикции заемане за дома 286360 Регионална библиотека "Любен Каравелов" Русе Регионална библиотека "Любен Каравелов" Русе Заемна - подръчен фонд 1985-01-01 Заемна - подръчен фонд 0.85 442807 П 840/К 86 442807 6 0.43 Дост: Pk Вид: Сф Дата: 01.01.1985 Дата инв: 12.02.2018 Бележки инв: П2018 Книги  
Изтеглен Не е изгубен   Не е повреден без рестрикции заемане за дома 286361 Регионална библиотека "Любен Каравелов" Русе Регионална библиотека "Любен Каравелов" Русе   1985-01-01 Детски отдел 0.30 633811 ДХ 820/899/К 86 633811 7 0.15 Дост: Pk Вид: Сф Дата: 01.01.1985 Дата инв: 11.09.2015 Бележки инв: Д2015 Книги Отч.N: 48/17 , Дата: 06.10.2017
  Не е изгубен Universal Decimal Classification Не е повреден без рестрикции заемане за дома 286362 Регионална библиотека "Любен Каравелов" Русе Регионална библиотека "Любен Каравелов" Русе Детски отдел 1985-01-01 Детски отдел 0.01 624609 ДХ 820/899/К 86 120000624609 8 0.01 Дост: Pk Вид: Сф Дата: 01.01.1985 Дата инв: 11.09.2015 Бележки инв: Д2015 Книги  
  Не е изгубен Universal Decimal Classification Не е повреден без рестрикции заемане за дома 286363 Регионална библиотека "Любен Каравелов" Русе Регионална библиотека "Любен Каравелов" Русе Детски отдел 1985-01-01 Детски отдел 0.85 442816 ДХ 820/899/К 86 120000442816 9 0.43 Дост: Pk Вид: Сф Дата: 01.01.1985 Дата инв: 11.09.2015 Бележки инв: Д2015 Книги  
Изтеглен Не е изгубен   Не е повреден без рестрикции заемане за дома 286364 Регионална библиотека "Любен Каравелов" Русе Регионална библиотека "Любен Каравелов" Русе   1985-01-01 Детски отдел 0.85 442815 ДХ 820/899/К 86 442815 10 0.43 Дост: Pk Вид: Сф Дата: 01.01.1985 Дата инв: 11.09.2015 Бележки инв: Д2015 Книги Отч.N: 37/17 , Дата: 06.09.2017
Vip Innovations Ltd, Rousse, Bulgaria 2025